TCP/IP illustrated. (Record no. 151465)
[ view plain ]
| 000 -LEADER | |
|---|---|
| fixed length control field | 01116nam a2200277 a 4500 |
| 008 - FIXED-LENGTH DATA ELEMENTS--GENERAL INFORMATION | |
| fixed length control field | |
| 020 ## - INTERNATIONAL STANDARD BOOK NUMBER | |
| International Standard Book Number | 0201634953 (cased : v. 3) |
| 049 ## - LOCAL HOLDINGS (OCLC) | |
| Holding library | MAIN |
| 090 ## - LOCALLY ASSIGNED LC-TYPE CALL NUMBER (OCLC); LOCAL CALL NUMBER (RLIN) | |
| Classification number (OCLC) (R) ; Classification number, CALL (RLIN) (NR) | TK5105.55 |
| 003 - CONTROL NUMBER IDENTIFIER | |
| control field | |
| 005 - DATE AND TIME OF LATEST TRANSACTION | |
| control field | 20230123133613.0 |
| 040 ## - CATALOGING SOURCE | |
| Transcribing agency | NUST |
| 100 1# - MAIN ENTRY--PERSONAL NAME | |
| Personal name | Stevens, W. Richard. |
| 245 10 - TITLE STATEMENT | |
| Title | TCP/IP illustrated. |
| Number of part/section of a work | Volume 3, |
| Name of part/section of a work | TCP for transactions, HTTP, NNTP, and the UNIX domain protocols / |
| Statement of responsibility, etc. | W. Richard Stevens. |
| 260 ## - PUBLICATION, DISTRIBUTION, ETC. | |
| Place of publication, distribution, etc. | Reading, Mass. : |
| Name of publisher, distributor, etc. | Addison-Wesley, |
| Date of publication, distribution, etc. | c1994-c1996. |
| 300 ## - PHYSICAL DESCRIPTION | |
| Extent | xix, 328 p. : |
| Other physical details | ill. ; |
| Dimensions | 24 cm. |
| 440 #0 - SERIES STATEMENT/ADDED ENTRY--TITLE | |
| Title | Addison-Wesley professional computing series<br/>. |
| 504 ## - BIBLIOGRAPHY, ETC. NOTE | |
| Bibliography, etc. note | Includes bibliographical references. |
| 500 ## - GENERAL NOTE | |
| General note | Includes indexes. |
| 505 0# - FORMATTED CONTENTS NOTE | |
| Formatted contents note | v. 1. The protocols -- v. 2. The implementation -- v. 3. TCP for transactions, HTTP, NNTP, and the UNIX domain protocols. |
| 650 #0 - SUBJECT ADDED ENTRY--TOPICAL TERM | |
| Topical term or geographic name entry element | TCP/IP (Computer network protocol). |
| 700 1# - ADDED ENTRY--PERSONAL NAME | |
| Personal name | Wright, Gary R. |
| 740 ## - ADDED ENTRY--UNCONTROLLED RELATED/ANALYTICAL TITLE | |
| Uncontrolled related/analytical title | TCP for transactions, HTTP, NNTP, and the UNIX domain protocols |
| -- | TCP/IP illustrated, Volume 3. |
| 907 ## - LOCAL DATA ELEMENT G, LDG (RLIN) | |
| a | .b10028110 |
| b | 04-02-09 |
| c | 17-04-03 |
| 942 ## - ADDED ENTRY ELEMENTS (KOHA) | |
| Koha item type | Ordinary Loan Books |
| Call number prefix | TK5105.55 |
| Date last seen | Total Checkouts | Full call number | Barcode | Cost, replacement price | Price effective from | Koha item type | Lost status | Source of classification or shelving scheme | Damaged status | Not for loan | Collection | Withdrawn status | Home library | Current library | Shelving location | Date acquired | Cost, normal purchase price |
|---|---|---|---|---|---|---|---|---|---|---|---|---|---|---|---|---|---|
| 01/23/2023 | 13 | TK5105.55 STE | 92003017718 | 80.00 | 01/23/2023 | BOOKS | LCC | NFIC | MAIN | MAIN | GEN | 01/23/2023 | 80.00 |